00471 2200157 4500001002100000008004100021035002000062245007800082100002500160260004200185300002000227084001900247082001100266650001400277990002200291INLIS000000000003280 ind  a0010-0226000071 akamus istilah teknologi informasi dan komunikasi 12cSuharno widi Nugroho aSuharno widi Nugroho aSurabaya :bBina Sumber Daya MIPA,c- a81 hlm.c21 cm. aR 004.03 Suh k a004.03 aReferensi a589/R/SMPN7SBY/16